| 000 | 01101nam0a2200265 4500 | ||
|---|---|---|---|
| 001 | RU\NLR\bibl\1326337 | ||
| 005 | 20260405151213.0 | ||
| 035 | _a(NLR Aleph) 001311634 | ||
| 090 |
_a683218 _c683218 |
||
| 100 | _a20090209d2008 |||y0rusy50 ca | ||
| 101 | 0 | _arus | |
| 102 | _aRU | ||
| 105 | _aabc ||||||||| | ||
| 200 | 1 |
_aМариинско-Посадский район _f[авт. текста: В.Н. Иванов _gсост. и фото: П.В. Cымкин] |
|
| 210 |
_aЧебоксары _cТМ "Римис" _cИП Сымкин П.В. _d[2008] |
||
| 215 |
_a23 с. _cцв. ил., портр., карт. _d29 |
||
| 607 |
_aМариинско-Посадский район (Чувашия) _xИстория _92097482 _3RU\NLR\auth\661268937 |
||
| 686 | _aТ3(2Р-6Чу) | ||
| 700 | 1 |
_4070 _8rus _7ca _aИванов _bВ. Н. _cжурналист _gВячеслав Николаевич _3RU\NLR\auth\7762425 _945355 |
|
| 702 | 1 |
_aСымкин _bП. В. _gПетр Васильевич _4220 |
|
| 801 | 0 |
_aRU _bNLR _c20090209 _gRCR |
|
| 801 | 1 |
_aRU _bNLR _c20090209 |
|
| 942 | _cBOOK | ||
| 980 | _aNB | ||